| 000 | 00734nam a2200229 4500 | ||
|---|---|---|---|
| 003 | OSt | ||
| 005 | 20230920090439.0 | ||
| 006 | k|||||r|||| 00| zz | ||
| 008 | 708 R549v | ||
| 040 | _cLado V | ||
| 082 |
_a708 _bO85f |
||
| 100 |
_91044 _aOstrower, Fayga _eautor |
||
| 245 | _aFayga Ostrower/ | ||
| 260 |
_bMinisterio de Educación y Cultura _aRio de Janeiro _c1983 |
||
| 300 |
_a242p. _c23x18cm |
||
| 650 |
_2Tesauro de Arte & Arquitectura _aARTE _9702 |
||
| 650 |
_2Tesauro de Arte & Arquitectura _aPINTURA _9702 |
||
| 650 |
_2Tesauro de Arte & Arquitectura _aESCULTURA |
||
| 650 |
_2Tesauro de Arte & Arquitectura _aGRABADO |
||
| 650 |
_2Tesauro de Arte & Arquitectura _aBOLETÍN |
||
| 942 |
_2ddc _c1 _h708 _iO85f _n0 |
||
| 999 |
_c4306 _d4306 |
||